Регионална библиотека "Любен Каравелов" - Русе

Les mots des regions de France (Запис номер 38363)

MARC детайли
000 -Лидер
Контролно поле с фиксирана дължина 01041nam a2200349 c 4500
003 - Код на организацията, давaща контролен номер
Контролно поле BLK
005 - Дата и час на последна редакция
Контролно поле 20180420221050.0
008 - Елементи от данни с фиксирана дължина
fixed length control field 180408b bul|||||r ||||||| ||bul||
010 ## - Наследен системен номер
LC control number KNG00041578000
020 ## - Международен стандартен номер на книга ISBN
Международен стандартен номер на книга ISBN 2-7011-1278-8
-- издат.: Belin
040 ## - Източник на каталожния запис
Идентификатор на билиотеката - собственик на записа BLK
041 ## - Код за език
Код за езика на текст/звукозапис или на отделно заглавие Френски
Код за езика КДБФ Френски
080 ## - УДК
Текстов определител УДК Френски език
УДК код - определител по УДК 811.133.1
УДК определител -316(038.1)
УДК - код + определител 811.133.1-316(038.1)
100 1# - Редна дума - Автор
Автор Depecker, Loic
Авторска отговорност първи автор
R(LIN) 8363
139 ## - Редно поле
Редна дума Depecker, Loic
Авторски знак Dep - D 44
245 10 - Сведения за заглавието
Заглавие Les mots des regions de France
Редно поле (дума) Loic Depecker.
257 ## - Страна на издаване
Страна на създаване/издаване Франция
260 ## - Област на издателските данни
-- Paris
Име на издателя, разпространителя и проч. Belin
Година на издаване 1992
300 ## - Физическа характеристика
Страници 447 c
Илюстрации и др. с ил
Размери/Мащаб 19 cm
380 ## - Жанр
Жанр Езикознание. Филология
490 1# - СЕРИИ (Колекции)
Име на серия Le francais retrouve
650 #4 - Допълнително описание по предмет – тема
Основно описание – тема или топоним Френски език - регионализми - речници
9 (RLIN) 276135
653 ## - Ключова дума – ненормативна
Ключова дума френски език
653 ## - Ключова дума – ненормативна
Ключова дума регионализми
653 ## - Ключова дума – ненормативна
Ключова дума диалекти
653 ## - Ключова дума – ненормативна
Ключова дума речници
852 ## - Местоположение
Форматна сигнатура Цб 174221
856 4# - Електронен адрес и достъп
Електронен формат pdf - файл
Път до файла /url/
856 4# - Електронен адрес и достъп
Електронен формат pdf - файл
Път до файла /url/
942 ## - АРТИКУЛИ
Вид на библиотечния материал Книги
Скрит в OPAC Не
944 ## - СЪЗДАВАНЕ И РЕДАКЦИЯ на ЗАПИСА
Създаване/Редакция Създаване
Дата на регистрацията/редакция 15.01.2003
Служител, извършил регистрацията/редакцията AB_DOS
944 ## - СЪЗДАВАНЕ И РЕДАКЦИЯ на ЗАПИСА
Създаване/Редакция Редакция
Дата на регистрацията/редакция 15.01.2003
Служител, извършил регистрацията/редакцията
999 ## - СИСТЕМНИ КОНТРОЛНИ НОМЕРА
Koha biblionumber 38363
Koha biblioitemnumber 38363
Наличности
Код за отписване Код за изгубен артикул Източник на класификационната схема Код за повреда Коз за рестрикции Код за отдаване Артикулен № Име на библиотеката - собственик Име на библиотеката, в която се намира в момента Статус (Текущо местоположение) Дата на вписване в системата Местоположение - отдел Цена в лева Инвентарен номер Систематично азбучна сигнатура Баркод Номер на екземпляра Цена в евро Служебна бележка Служебен тип на артикула
  Не е изгубен Universal Decimal Classification Не е повреден без рестрикции ползва се в читалня 60163 Регионална библиотека "Любен Каравелов" Русе Регионална библиотека "Любен Каравелов" Русе Читалня 4 - справочен фонд 2001-01-01 Читалня 4 - справочен фонд 0.00 583027 C4 804.0(038)/D 583027 1 0.00 Дата инв: 12.06.2017 Бележки инв: С42017 Книги
Vip Innovations Ltd, Rousse, Bulgaria 2025